00790nam a22002057a 450000500170000001000130001702000220003003500130005203700160006504000120008108200150009310000140010824502230012226000450034527000420039030000320043250000520046465000290051665000390054520170124110027.0 aA-371434 c00.00a8170241944 aA-371434 bCen Lib/Ret aDPLbEN a574.5bMOH aMohan, I. aEnvironmental awareness and urban development :cby I. Mohanb a global study of environmental constraints, pollution, city planning, wasteland development, social forestry, conserving monuments, and related subjects / aNew DelhibAshish Publishing Housec1988 bNew Delhia8/81, Punjabi Baghe110026 axiii,256p.:c20cm(Hb)bill. aIncludes bibliographical references and index  aEnvironmental protection aPollution -- Environmental aspects